[Event "Titled Tue 27th May Early"]
[Site "chess.com INT"]
[Date "2025.05.27"]
[Round "10"]
[White "Sava, Robert-Gabriel"]
[Black "Naranjo Moreno, Antonio"]
[Result "1-0"]
[WhiteTitle "CM"]
[BlackTitle "FM"]
[WhiteElo "2155"]
[BlackElo "2289"]
[WhiteFideId "1265725"]
[BlackFideId "2278626"]
[EventDate "2025.05.27"]

1. e4 e5 2. Nc3 Nf6 3. g3 d5 4. exd5 Nxd5 5. Bg2 Nxc3 6. bxc3 Bd6 7. Nf3 O-O 8.
O-O c6 9. Re1 Qc7 10. d3 Nd7 11. c4 f5 12. Bb2 Re8 13. c5 Nxc5 14. d4 Na4 15.
dxe5 Bb4 16. c3 Nxb2 17. Qb3+ Be6 18. Qxb2 Ba5 19. Nd4 Rad8 20. Nxe6 Rxe6 21.
Qb3 Qf7 22. Rab1 Bb6 23. Rbd1 Rxd1 24. Qxd1 Qe7 25. Qe2 Qc5 26. Bh3 g6 27. g4
Bc7 28. gxf5 Rxe5 29. Qd2 gxf5 30. Rxe5 Qxe5 31. Qg5+ Kf7 32. Qxf5+ Qxf5 33.
Bxf5 h6 34. Bd3 Be5 35. c4 Bd4 36. Kg2 Kf6 37. f4 Bc3 38. Kf3 Bd2 39. Kg4 b6 40.
Be4 c5 41. a4 Bc3 42. Bd5 Bd2 43. h3 Be1 44. Kh5 Bd2 45. Kg4 Bc1 46. f5 Bg5 47.
Be6 Ke5 48. h4 Bf6 49. Bd7 Kd4 50. Bb5 Kc3 51. Kh5 Kb4 52. Kxh6 Bxh4 53. Kg6 a6
54. Bxa6 Kxa4 55. f6 Ka5 56. Bb5 Kb4 57. f7 Be7 58. Kg7 Kc3 59. f8=Q Bxf8+ 60.
Kxf8 Kd4 61. Ke7 1-0

[Event "Titled Tue 27th May Early"]
[Site "chess.com INT"]
[Date "2025.05.27"]
[Round "10"]
[White "Chaulagain, Purusottam"]
[Black "Dicen, Elis Denele"]
[Result "0-1"]
[WhiteTitle "CM"]
[BlackTitle "WFM"]
[WhiteElo "1898"]
[BlackElo "2135"]
[WhiteFideId "12300730"]
[BlackFideId "462560"]
[EventDate "2025.05.27"]

1. d4 d5 2. Nc3 Nf6 3. Bf4 e6 4. Nb5 Na6 5. e3 c6 6. Nc3 Qb6 7. Rb1 Bd7 8. Nf3
c5 9. Ne5 c4 10. Nxd7 Nxd7 11. a3 Bd6 12. Bxd6 Qxd6 13. Be2 O-O 14. O-O Nf6 15.
e4 dxe4 16. Bxc4 Nc7 17. Re1 e5 18. dxe5 Qxe5 19. Qe2 Rfe8 20. Rbd1 h5 21. h3 a6
22. Qe3 b5 23. Ba2 Re7 24. Qb6 Rae8 25. Re3 Nd7 26. Qd6 Qxd6 27. Rxd6 Kh7 28.
Rd4 f5 29. Nd5 Nxd5 30. Rxd5 f4 31. Re2 Nf6 32. Rf5 e3 33. Rxf4 exf2+ 34. Rexf2
Re1+ 35. Rf1 R1e2 36. R4f2 R2e5 37. c3 Rd8 38. Bb1+ Kh6 39. Kh2 h4 40. Rf4 Rd2
41. R1f2 Rxf2 42. Rxf2 Nd5 43. Bc2 Ne3 44. Bd3 Kg5 45. Kg1 Rd5 46. Be2 Rd2 47.
Bf3 Rd6 48. Re2 Kf4 49. Re1 g5 50. Bb7 a5 51. a4 bxa4 52. Ra1 Rd2 53. Rxa4+ Kg3
54. Rxa5 Rd1# 0-1

[Event "Titled Tue 27th May Early"]
[Site "chess.com INT"]
[Date "2025.05.27"]
[Round "10"]
[White "Rubes, Jan"]
[Black "Nouali, Mohamed"]
[Result "1-0"]
[WhiteTitle "IM"]
[BlackTitle "FM"]
[WhiteElo "2426"]
[BlackElo "2157"]
[WhiteFideId "338176"]
[BlackFideId "5502462"]
[EventDate "2025.05.27"]

1. d4 Nf6 2. c4 g6 3. Nc3 Bg7 4. e4 O-O 5. h3 d6 6. Be3 Nbd7 7. Nge2 c6 8. g4 a6
9. Ng3 e5 10. d5 cxd5 11. cxd5 b5 12. g5 Ne8 13. h4 Nb6 14. Bd3 Bd7 15. h5 Rc8
16. Rc1 Nc4 17. Bxc4 Rxc4 18. Qd2 Nc7 19. b3 Rd4 20. Bxd4 exd4 21. Nce2 Re8 22.
hxg6 fxg6 23. Nxd4 Nxd5 24. Nc6 Bxc6 25. Rxc6 Ne7 26. Rxd6 Qc7 27. Rd7 Qc6 28.
O-O Be5 29. Rc1 Qe6 30. Kg2 Bxg3 31. fxg3 Qxe4+ 32. Kh2 Nf5 33. Qd5+ Qxd5 34.
Rxd5 Ne3 35. Rd7 h5 36. gxh6 Ng4+ 37. Kh3 Nxh6 38. Rc6 Nf5 39. Rxg6+ Kh8 40.
Rxa6 b4 41. g4 Re3+ 42. Kh2 Nh4 43. Rh6+ Kg8 44. Rxh4 Re2+ 45. Kg3 Re3+ 46. Kf4
Re1 47. Rh5 Rf1+ 48. Kg3 Rg1+ 49. Kh4 Rh1+ 50. Kg5 Re1 51. Rh6 Re5+ 52. Kf4 Re1
53. Rb6 Rf1+ 54. Kg3 Rf8 55. Rxb4 Re8 56. Rdb7 Rd8 57. Rb8 1-0

[Event "Titled Tue 27th May Early"]
[Site "chess.com INT"]
[Date "2025.05.27"]
[Round "10"]
[White "Marynychenko, Yehor"]
[Black "Buscar, Michael"]
[Result "1-0"]
[WhiteTitle "CM"]
[WhiteElo "2183"]
[BlackElo "2016"]
[WhiteFideId "34160558"]
[BlackFideId "2603616"]
[EventDate "2025.05.27"]

1. e4 c5 2. c3 Nf6 3. e5 Nd5 4. Nf3 Nc6 5. d4 cxd4 6. cxd4 d6 7. Bc4 Nb6 8. Bb5
d5 9. O-O Bg4 10. e6 Bxe6 11. Ng5 Bf5 12. Qf3 e6 13. Nxf7 Kxf7 14. Bxc6 bxc6 15.
g4 Qf6 16. gxf5 Qxf5 17. Qg3 Rd8 18. Nc3 Bd6 19. f4 Rhf8 20. Bd2 Nc4 21. Bc1 c5
22. b3 cxd4 23. Ne2 Ne3 24. Bxe3 dxe3 25. Qxe3 Rc8 26. Nd4 Qf6 27. f5 e5 28. Ne6
Rfe8 29. Rf2 Kg8 30. Kh1 Rxe6 31. fxe6 Qxe6 32. Raf1 h6 33. Rf7 Qxf7 34. Rxf7
Kxf7 35. Qf3+ Ke7 36. Qxd5 Rc1+ 37. Kg2 Rc2+ 38. Kf3 Rxa2 39. Qc4 Rxh2 40. Qg4
Kf6 41. Ke4 Rd2 42. Qf5+ Ke7 43. Qg6 Rd4+ 44. Ke3 Kf8 45. Qf5+ Ke7 46. Qg6 a5
47. Qxg7+ Ke6 48. Qxh6+ Kd5 49. Qh1+ Kc5 50. Qa1 Kb5 51. Qc3 a4 52. bxa4+ Kxa4
53. Qc6+ Kb4 54. Qb6+ Kc4 55. Qc6+ Bc5 56. Qe6+ Rd5+ 57. Ke4 Bd4 58. Qxd5+ Kc3
59. Qb5 Kc2 60. Qd3+ Kc1 61. Kf3 Kb2 62. Ke2 Kc1 63. Qc4+ Kb2 64. Kd3 Kb1 65.
Qc2+ Ka1 66. Qb3 e4+ 67. Kc2 Be5 68. Qb1# 1-0

[Event "Titled Tue 27th May Early"]
[Site "chess.com INT"]
[Date "2025.05.27"]
[Round "10"]
[White "Zgadzaj, Rafal"]
[Black "Gunawardhana, Devindya Oshini"]
[Result "0-1"]
[WhiteTitle "CM"]
[BlackTitle "WIM"]
[WhiteElo "1988"]
[BlackElo "2068"]
[WhiteFideId "1113712"]
[BlackFideId "29941482"]
[EventDate "2025.05.27"]

1. e4 e5 2. Nf3 Nc6 3. Bc4 Nf6 4. O-O Bc5 5. Nc3 d6 6. d3 a6 7. Be3 Ba7 8. Bxa7
Nxa7 9. a4 O-O 10. Qe2 Nc6 11. Nd5 Nxd5 12. Bxd5 Ne7 13. Bb3 Ng6 14. g3 Bg4 15.
Qe3 h6 16. h4 Kh7 17. Nh2 Bh3 18. Rfe1 f5 19. exf5 Bxf5 20. Bd5 c6 21. Be4 Bxe4
22. Qxe4 d5 23. Qg4 Qf6 24. Re2 Rae8 25. Rae1 e4 26. dxe4 dxe4 27. h5 Nh8 28.
Rxe4 Qxf2+ 29. Kh1 Rd8 30. Re7 Qf6 31. R1e6 Qxb2 32. Qe4+ Kg8 33. Rg6 Nxg6 34.
hxg6 Rd1+ 35. Kg2 Qf6 36. Nf3 Rc1 37. Qc4+ Kh8 38. Rf7 Rxf7 39. Qxf7 Rxc2+ 40.
Kh3 Re2 41. Qxb7 Qe6+ 42. g4 Qe8 43. Qc7 Re3 44. Qf4 Qd8 45. Qf7 Qf8 46. Kg3 Re8
47. Kf2 Qc5+ 0-1

[Event "Titled Tue 27th May Early"]
[Site "chess.com INT"]
[Date "2025.05.27"]
[Round "10"]
[White "Aarav Sinha"]
[Black "Hajiyev, Kanan"]
[Result "1-0"]
[WhiteTitle "FM"]
[BlackTitle "FM"]
[WhiteElo "2255"]
[BlackElo "2197"]
[WhiteFideId "25674064"]
[BlackFideId "13404148"]
[EventDate "2025.05.27"]

1. e4 a6 2. g3 c6 3. Bg2 d5 4. exd5 cxd5 5. Ne2 Nf6 6. O-O Nc6 7. d4 Bg4 8. c3
e6 9. h3 Bh5 10. g4 Bg6 11. Bf4 Bd6 12. Qd2 Ne4 13. Qe3 O-O 14. Bxd6 Qxd6 15.
Nd2 f5 16. f3 Nxd2 17. Qxd2 f4 18. Rfe1 Rae8 19. h4 h5 20. g5 Bf5 21. Nxf4 g6
22. Nd3 Qg3 23. Qf2 Qxf2+ 24. Nxf2 e5 25. dxe5 Nxe5 26. f4 Ng4 27. Bxd5+ Kg7 28.
Nxg4 Bxg4 29. Rxe8 Rxe8 30. Bxb7 a5 31. Bd5 Re2 32. b4 Rd2 33. Bb3 Bf3 34. bxa5
Rg2+ 35. Kf1 Rh2 36. Re1 Rxh4 37. a6 Rxf4 38. a7 h4 39. Kg1 Bc6 40. Re7+ Kf8 41.
Rc7 Be4 42. a8=Q+ Bxa8 43. Rc8+ Kg7 44. Rxa8 Rg4+ 45. Kh2 Rxg5 46. a4 Rg3 47.
Rc8 g5 48. a5 g4 49. a6 Rh3+ 50. Kg2 Rg3+ 51. Kf2 Rf3+ 52. Ke2 h3 53. a7 h2 54.
a8=Q h1=Q 55. Rg8+ Kf6 56. Qc6+ Ke5 57. Qc5+ Kf4 58. Qd6+ Kf5 59. Bc2+ 1-0

[Event "Titled Tue 27th May Early"]
[Site "chess.com INT"]
[Date "2025.05.27"]
[Round "10"]
[White "Shuvalova, Polina"]
[Black "Negrean, Andrei"]
[Result "0-1"]
[WhiteTitle "IM"]
[BlackTitle "FM"]
[WhiteElo "2494"]
[BlackElo "2336"]
[WhiteFideId "24171760"]
[BlackFideId "1291513"]
[EventDate "2025.05.27"]

1. e4 c5 2. Nf3 a6 3. c3 Nf6 4. e5 Nd5 5. d4 cxd4 6. cxd4 b5 7. a4 b4 8. Bc4 Bb7
9. O-O e6 10. a5 Be7 11. Nbd2 O-O 12. Nb3 d6 13. Bd2 Nc6 14. Qe2 h6 15. Rfd1
dxe5 16. dxe5 Qc7 17. Bxd5 exd5 18. Bf4 Qd7 19. Be3 Qe6 20. Bb6 Rfe8 21. Re1 Bf8
22. Rad1 f6 23. Nbd4 Nxd4 24. Bxd4 Bd6 25. Qd2 fxe5 26. Nxe5 Bxe5 27. Rxe5 Qd6
28. Rde1 Bc6 29. Qf4 Rxe5 30. Rxe5 Qg6 31. h4 Rf8 32. Qe3 Rf7 33. h5 Qg4 34. b3
Qd1+ 35. Kh2 Qg4 36. Qd2 Qh4+ 37. Kg1 Qf4 38. Qxf4 Rxf4 39. Be3 Re4 40. Rf5 d4
41. Bd2 d3 42. Rc5 Bb5 43. Rd5 Kf7 44. f3 Re2 45. Bxb4 Rb2 46. Kh2 Rxb3 47. Bc5
Rb2 48. Be3 Rc2 49. Kg3 Rc6 50. Bf4 Re6 51. Kh4 Re7 52. g4 Re2 53. Kg3 Re7 54.
Rc5 Rd7 55. Bd2 Re7 56. Rc3 Re2 57. Rc7+ Ke6 58. Bc3 Rc2 0-1

[Event "Titled Tue 27th May Early"]
[Site "chess.com INT"]
[Date "2025.05.27"]
[Round "10"]
[White "Ramos Espinoza, Efren Andres"]
[Black "Swara Lakshmi S Nair"]
[Result "1/2-1/2"]
[WhiteTitle "FM"]
[BlackTitle "WCM"]
[WhiteElo "2104"]
[BlackElo "2178"]
[WhiteFideId "6100538"]
[BlackFideId "25629239"]
[EventDate "2025.05.27"]

1. e4 c5 2. Nc3 Nc6 3. g3 g6 4. Bg2 Bg7 5. d3 e6 6. Nge2 Nge7 7. O-O O-O 8. Be3
Nd4 9. Qd2 d5 10. exd5 Nxd5 11. Nxd5 exd5 12. c3 Nxe2+ 13. Qxe2 Re8 14. Qd2 d4
15. cxd4 cxd4 16. Bh6 Qb6 17. Bxg7 Kxg7 18. Rfe1 Bf5 19. h3 h5 20. Rac1 Qb5 21.
Rxe8 Rxe8 22. Rc7 Qxd3 23. Qxd3 Bxd3 24. Rd7 Re1+ 25. Kh2 Be4 26. Rxd4 Bxg2 27.
Kxg2 Re2 28. Rb4 b6 29. a4 Kf6 30. a5 bxa5 31. Rb5 Re5 32. Rb7 a6 33. Rb6+ Re6
34. Rb3 Ke5 35. Ra3 Kd5 36. Rxa5+ Kc4 37. Ra3 Kb4 38. Kf3 a5 39. Rd3 a4 40. Rd7
Rb6 41. Rd3 Kc4 42. Rc3+ Kd4 43. Re3 Rxb2 44. Re4+ Kd5 45. Rxa4 Ke5 46. Ra5+ Kf6
47. h4 Rb6 48. Ra4 Ke6 49. Kf4 f6 50. f3 Rd6 51. Re4+ Kf7 52. g4 Rd5 53. Ra4 Kg7
54. Ra7+ Kg8 55. gxh5 Rxh5 56. Kg4 Rb5 57. Rc7 Kf8 58. Ra7 Kg8 59. Rc7 Kf8 60.
Rc6 Kg7 61. Rc7+ Kh6 62. Rc6 f5+ 63. Kf4 Rb4+ 64. Kg3 Kh5 65. Rc7 Kh6 66. Rc8
Ra4 67. Rh8+ Kg7 68. Rc8 Kh6 69. Rc7 Rb4 70. Rd7 Ra4 71. Re7 Rb4 72. Rd7 Ra4 73.
Rc7 Rb4 1/2-1/2

[Event "Titled Tue 27th May Early"]
[Site "chess.com INT"]
[Date "2025.05.27"]
[Round "10"]
[White "Golubovic, Erik"]
[Black "Khodabandeh, Milad"]
[Result "1-0"]
[WhiteTitle "CM"]
[BlackTitle "CM"]
[WhiteElo "2184"]
[BlackElo "1957"]
[WhiteFideId "14586908"]
[BlackFideId "12538620"]
[EventDate "2025.05.27"]

1. d4 d5 2. c4 c6 3. Nf3 Nf6 4. Nc3 dxc4 5. a4 Bf5 6. e3 e6 7. Bxc4 Bb4 8. O-O
O-O 9. Qe2 Nbd7 10. e4 Bg6 11. Bd3 Qe7 12. e5 Nd5 13. Nxd5 cxd5 14. Bxg6 hxg6
15. a5 Rfc8 16. Ng5 Rc7 17. Be3 Rac8 18. Qf3 Rc2 19. a6 b5 20. b3 R8c3 21. Rab1
Ra2 22. Qg4 Rcc2 23. Rbc1 Nf8 24. h4 Qc7 25. h5 gxh5 26. Qxh5 g6 27. Qf3 Nh7 28.
Nxh7 Kxh7 29. Bg5 Kg8 30. Qh3 Bf8 31. Qd3 Bg7 32. Qxb5 Rxc1 33. Rxc1 Rc2 34.
Qe8+ Kh7 35. Rxc2 Qxc2 36. g3 Qd1+ 37. Kg2 Qxd4 38. Qxf7 Qe4+ 39. Kh2 Qxe5 40.
Bf4 Qh5+ 41. Kg2 e5 42. Bd2 d4 43. Qxa7 e4 44. Qb7 Qf5 45. a7 Qf3+ 46. Kg1 Qd1+
47. Kh2 Qxd2 48. Qxe4 Qxf2+ 49. Qg2 Qf5 50. a8=Q Qh5+ 51. Qh3 d3 52. Qxh5+ gxh5
53. Qd5 Bh6 54. Qxd3+ Kg7 55. Qd7+ Kg6 56. b4 1-0

[Event "Titled Tue 27th May Early"]
[Site "chess.com INT"]
[Date "2025.05.27"]
[Round "10"]
[White "Shevkunov, Vladyslav"]
[Black "Koridze, Lile"]
[Result "1/2-1/2"]
[BlackTitle "WFM"]
[WhiteElo "2073"]
[BlackElo "2110"]
[WhiteFideId "30953448"]
[BlackFideId "13612514"]
[EventDate "2025.05.27"]

1. e4 c5 2. Nf3 d6 3. Bb5+ Nd7 4. c3 a6 5. Ba4 e5 6. d4 cxd4 7. cxd4 Nf6 8. O-O
Be7 9. dxe5 dxe5 10. Nxe5 O-O 11. Nxd7 Bxd7 12. e5 Bxa4 13. Qxa4 Nd5 14. Rd1 Nb6
15. Qg4 Qc7 16. Bh6 Qxe5 17. Be3 Bc5 18. Bxc5 Qxc5 19. Nc3 Rad8 20. Qh4 Rxd1+
21. Rxd1 h6 22. h3 Nc4 23. Rd5 Qc6 24. b3 Ne3 25. fxe3 Qxc3 26. Qd4 Qe1+ 27. Kh2
Re8 28. Rd8 Rxd8 29. Qxd8+ Kh7 30. Qd3+ g6 31. Qd7 Kg7 32. Qxb7 Qxe3 33. Qxa6
Qf4+ 34. Kg1 Qe3+ 35. Kh1 Qe1+ 36. Kh2 Qe5+ 37. Kg1 Qe3+ 38. Kf1 Qc1+ 39. Kf2
Qf4+ 40. Ke1 Qc1+ 41. Ke2 Qc2+ 42. Kf3 Qf5+ 43. Kg3 Qe5+ 44. Kf3 Qf5+ 45. Ke3
Qe5+ 46. Kd3 Qd5+ 47. Kc3 Qxg2 48. a4 Qxh3+ 49. Kb2 Qg2+ 50. Ka3 h5 51. a5 h4
52. Qc4 h3 53. Qd4+ Kh7 54. Qf6 h2 55. Qxf7+ Kh6 56. Qf4+ Kh5 57. Qe5+ Kh4 58.
Qf4+ Kh3 59. Qh6+ Kg3 60. Qe3+ Qf3 61. Qg5+ Qg4 62. Qe3+ Kh4 63. Qh6+ Qh5 64.
Qf4+ Kh3 65. Qe3+ Kg2 66. Qd2+ Kg3 67. Qe3+ Qf3 68. Qg5+ Kf2 69. Qd2+ Kg1 70.
Qg5+ Qg2 71. Qc1+ Qf1 72. Qg5+ Kh1 73. Qxg6 Qg2 74. Qb1+ Qg1 75. Qe4+ Qg2 76.
Qb1+ Qg1 77. Qe4+ Qg2 78. Qb1+ 1/2-1/2

[Event "Titled Tue 27th May Early"]
[Site "chess.com INT"]
[Date "2025.05.27"]
[Round "10"]
[White "Khamdamova, Afruza"]
[Black "Karpenko, Anton"]
[Result "1-0"]
[WhiteTitle "WIM"]
[BlackTitle "CM"]
[WhiteElo "2344"]
[BlackElo "2218"]
[WhiteFideId "14210444"]
[BlackFideId "34374353"]
[EventDate "2025.05.27"]

1. e4 c5 2. Nf3 Nc6 3. d4 cxd4 4. Nxd4 g6 5. Nc3 Bg7 6. Be3 Nf6 7. f3 O-O 8. Qe2
d5 9. O-O-O e5 10. Nxc6 bxc6 11. Bc5 Re8 12. g4 Be6 13. Qa6 Qc8 14. Qxc8 Raxc8
15. Ba6 Rb8 16. g5 Nd7 17. Bd6 Rb6 18. Be2 dxe4 19. fxe4 c5 20. Na4 Rb4 21. Nc3
Bf8 22. a3 Rd4 23. Bxf8 Kxf8 24. Bb5 Rb8 25. Bc6 Rb6 26. Bd5 Ke7 27. Rhf1 Rxd1+
28. Rxd1 Ke8 29. Bxe6 Rxe6 30. Nd5 Rc6 31. Rf1 Nf8 32. Nf6+ Ke7 33. Nxh7 Ne6 34.
h4 Rc8 35. Nf6 Rh8 36. Nd5+ Ke8 37. Nf6+ Ke7 38. Rd1 Rxh4 39. Rd7+ Kf8 40. Rxa7
Nxg5 41. Nd7+ Kg7 42. Nxe5 Rxe4 43. Nd3 Nf3 44. b4 c4 45. Nc5 Re3 46. Kb2 g5 47.
b5 Re5 48. Rc7 g4 49. b6 c3+ 50. Kxc3 g3 51. b7 g2 52. b8=Q g1=Q 53. Qb4 Qa1+
54. Kb3 Re3+ 55. Ka4 1-0

[Event "Titled Tue 27th May Early"]
[Site "chess.com INT"]
[Date "2025.05.27"]
[Round "10"]
[White "Goryachkina, Aleksandra"]
[Black "Aghaei, Alireza"]
[Result "1-0"]
[WhiteTitle "GM"]
[BlackTitle "CM"]
[WhiteElo "2544"]
[BlackElo "2204"]
[WhiteFideId "4147103"]
[BlackFideId "12509914"]
[EventDate "2025.05.27"]

1. Nf3 Nf6 2. d4 c5 3. e3 d5 4. b3 Nc6 5. Bb2 Bg4 6. Be2 e6 7. O-O Rc8 8. Nbd2
cxd4 9. exd4 Bd6 10. c4 O-O 11. h3 Bh5 12. Rc1 Bb8 13. Re1 Re8 14. a3 a5 15. c5
Ne4 16. Nxe4 dxe4 17. Nd2 Qc7 18. Nf1 Bg6 19. Bb5 Red8 20. Bxc6 Qxc6 21. Qe2 Qd5
22. b4 axb4 23. axb4 Qb3 24. b5 Bf4 25. Ne3 Ra8 26. c6 bxc6 27. bxc6 Ra2 28. Rc2
Rc8 29. Rec1 h5 30. h4 Qd3 31. Qe1 Ra6 32. Rd1 Qb5 33. d5 Bxe3 34. Qxe3 exd5 35.
c7 Rc6 36. Rxc6 Qxc6 37. Rc1 Qd7 38. Qd4 f6 39. Qb6 Kh7 40. Bd4 Bf5 41. Qb7 Bg4
42. Rc5 Be6 43. Qc6 Qf7 44. Qd6 Qg8 45. Rc6 Re8 46. Rc5 Qf7 47. Be3 Rc8 48. Bf4
Re8 49. Rc6 Bc8 50. Rc5 Rf8 51. Rxd5 Be6 52. Rc5 Bc8 53. Qc6 Re8 54. Rc3 Qg6 55.
Bg3 Qf7 56. Rc5 Re6 57. Qd5 Re7 58. Qxh5+ Qxh5 59. Rxh5+ Kg6 60. Rd5 Kf7 61. Rd8
Bb7 62. c8=Q Bxc8 63. Rxc8 1-0

[Event "Titled Tue 27th May Early"]
[Site "chess.com INT"]
[Date "2025.05.27"]
[Round "10"]
[White "Lee, Kyungseok"]
[Black "Beniosev, Daniel"]
[Result "1-0"]
[WhiteTitle "CM"]
[BlackTitle "CM"]
[WhiteElo "2072"]
[BlackElo "2010"]
[WhiteFideId "13202154"]
[BlackFideId "11632674"]
[EventDate "2025.05.27"]

1. d4 Nf6 2. c4 e6 3. Nf3 c5 4. d5 exd5 5. cxd5 d6 6. Nc3 g6 7. e4 a6 8. a4 Bg4
9. Be3 Bg7 10. Be2 Bxf3 11. Bxf3 O-O 12. O-O Nbd7 13. Be2 Re8 14. Qc2 Rb8 15. h3
h6 16. Rae1 g5 17. f4 gxf4 18. Bxf4 Ne5 19. Kh1 Qd7 20. Bxh6 Bxh6 21. Rxf6 Bg7
22. Rf5 Qe7 23. Ref1 Qh4 24. Qd2 Bh6 25. Qd1 Bg7 26. Qe1 Qxe1 27. Rxe1 Re7 28.
Ref1 Kf8 29. g3 Ke8 30. Kg2 c4 31. Bh5 b5 32. axb5 axb5 33. Ne2 b4 34. Nd4 c3
35. bxc3 bxc3 36. Nc6 Nxc6 37. dxc6 c2 38. Rxf7 Kd8 39. R7f2 Rb2 40. Rc1 Rxe4
41. Rcxc2 Rxc2 42. Rxc2 Kc7 43. Bf3 Re3 44. h4 Be5 45. g4 d5 46. Bxd5 Rg3+ 47.
Kf2 Rxg4 48. h5 Rh4 49. Bf3 Rh2+ 50. Bg2 Rxh5 51. Ke3 Rg5 52. Ke4 Bd6 53. Bf3
Re5+ 54. Kd3 Rf5 55. Be4 Rh5 56. Rb2 Rh3+ 57. Kd4 Rh5 58. Rb7+ Kc8 59. Bd5 Rh6
60. Rf7 Rg6 61. Kc4 Rg4+ 62. Kd3 Rg5 63. Ke4 Re5+ 64. Kd4 Rg5 65. Rd7 Rg4+ 66.
Kd3 Rg6 67. Kc4 Rf6 68. Kb5 Rf4 69. Rxd6 Kc7 70. Rd7+ Kb8 71. Kc5 Rd4 1-0

[Event "Titled Tue 27th May Early"]
[Site "chess.com INT"]
[Date "2025.05.27"]
[Round "10"]
[White "Madhesh Kumar S"]
[Black "Ristic, Nebojsa M"]
[Result "1-0"]
[WhiteTitle "CM"]
[BlackTitle "IM"]
[WhiteElo "2243"]
[BlackElo "2248"]
[WhiteFideId "25168649"]
[BlackFideId "900850"]
[EventDate "2025.05.27"]

1. e4 e6 2. d4 d5 3. Nc3 Bb4 4. e5 c5 5. a3 Bxc3+ 6. bxc3 Qc7 7. Qg4 Ne7 8. Bd3
cxd4 9. Ne2 dxc3 10. Qxg7 Rg8 11. Qxh7 Nbc6 12. Bf4 Bd7 13. O-O O-O-O 14. Nxc3
Nxe5 15. Qh5 f6 16. Nb5 Bxb5 17. Bxb5 Rh8 18. Qe2 Rdg8 19. Rfe1 N7g6 20. Bg3 Qg7
21. f4 Nd7 22. Qxe6 a6 23. Ba4 f5 24. Qd6 Qd4+ 25. Kh1 Qxa4 26. Re6 Qc6 27.
Qxc6+ bxc6 28. Rxc6+ Kd8 29. Rxa6 Ne7 30. Kg1 Nc5 31. Ra8+ Kd7 32. Ra7+ Kd6 33.
Be1 Nc6 34. Rf7 Nd4 35. Bb4 Nxc2 36. Bxc5+ Ke6 37. Re7+ Kf6 38. Rc1 Rc8 39. Rxc2
Rxc5 40. Rxc5 Kxe7 41. Rxd5 Ke6 42. Re5+ Kf6 43. a4 Rb8 44. a5 Rb1+ 45. Kf2 Rb2+
46. Kg3 Rb3+ 47. Kf2 Ra3 48. h4 Ra2+ 49. Kf3 Ra3+ 50. Kf2 Ra2+ 51. Kg3 Ra3+ 52.
Kh2 Ra4 53. g3 Ra2+ 54. Kh3 Ra1 55. g4 Ra3+ 56. Kg2 fxg4 57. h5 Rf3 58. a6 Ra3
59. Rg5 Kf7 60. Rg6 g3 61. f5 Ra5 62. h6 Rxf5 63. Rg7+ Kf8 64. a7 Ra5 65. Rb7 1-0

[Event "Titled Tue 27th May Early"]
[Site "chess.com INT"]
[Date "2025.05.27"]
[Round "10"]
[White "Klukin, Kirill"]
[Black "Asish Panda"]
[Result "1/2-1/2"]
[WhiteTitle "IM"]
[WhiteElo "2407"]
[BlackElo "1911"]
[WhiteFideId "24199273"]
[BlackFideId "45012458"]
[EventDate "2025.05.27"]

1. Nf3 d5 2. e3 Nf6 3. c4 e6 4. b3 Be7 5. Bb2 O-O 6. Nc3 b6 7. Qc2 Bb7 8. Ng5 h6
9. Nf3 c5 10. cxd5 Nxd5 11. Nxd5 Bxd5 12. Be2 Bf6 13. O-O Nc6 14. a3 Bxb2 15.
Qxb2 Rc8 16. Rfd1 Qe7 17. d3 Na5 18. b4 cxb4 19. axb4 Bxf3 20. Bxf3 Nc6 21. Rdb1
a5 22. bxa5 bxa5 23. Bxc6 Rxc6 24. Rxa5 Rfc8 25. g3 Qd8 26. Ra3 Qd5 27. e4 Qh5
28. Kg2 Rc2 29. Qb6 Qe2 30. Rab3 Rc1 31. Rxc1 Rxc1 32. Qe3 Qf1+ 33. Kf3 Qd1+ 34.
Kf4 Qxb3 35. Qxc1 Qxd3 36. Qe3 Qd1 37. h4 h5 38. Ke5 Qa1+ 39. Kd6 Qa6+ 40. Kc7
Qc4+ 41. Kd7 Qb5+ 42. Kd6 Qb4+ 43. Kc6 Qc4+ 44. Kb6 e5 45. Ka5 g6 46. Qf3 Kg7
47. Qe3 f6 48. Qa7+ Kh6 49. Qe3+ Kg7 50. Qa7+ Kh6 51. Qe3+ g5 52. Qf3 Qc5+ 53.
Ka4 Qc4+ 54. Ka5 Qc5+ 55. Ka4 Qc4+ 56. Ka3 Qc5+ 57. Kb3 Qb5+ 58. Kc2 Qc4+ 59.
Kd2 Qe6 60. hxg5+ fxg5 61. Ke2 Kg6 62. Kf1 Qc4+ 63. Kg2 Qf7 64. Qe3 Qf6 65. f3
h4 66. gxh4 gxh4 67. Kh3 Qg5 68. Qf2 Kh5 69. Kh2 Qf4+ 70. Kh3 Qg5 71. Qh2 Kh6
72. Qf2 Kh5 1/2-1/2

[Event "Titled Tue 27th May Early"]
[Site "chess.com INT"]
[Date "2025.05.27"]
[Round "10"]
[White "Rossi, Maximiliano"]
[Black "Herrera Ortiz, Miguel"]
[Result "0-1"]
[BlackTitle "IM"]
[WhiteElo "2013"]
[BlackElo "2174"]
[WhiteFideId "113425"]
[BlackFideId "5100550"]
[EventDate "2025.05.27"]

1. e4 e5 2. Nf3 Nc6 3. Bb5 a6 4. Bxc6 dxc6 5. Nc3 f6 6. d3 c5 7. Ng1 Bd6 8. Nge2
Ne7 9. O-O O-O 10. f4 Be6 11. f5 Bf7 12. b3 Nc6 13. g4 Nd4 14. Ng3 b5 15. Be3
Be7 16. Kg2 c4 17. h4 c5 18. Nce2 cxd3 19. cxd3 Ra7 20. Nxd4 cxd4 21. Bd2 Rc7
22. Ba5 Ba3 23. Qe2 Qd6 24. Bxc7 Qxc7 25. g5 Rc8 26. Rf2 Qe7 27. Qg4 Rc3 28. g6
hxg6 29. fxg6 Be6 30. Qh5 Kf8 31. Nf5 Qb7 32. Qh8+ Bg8 33. Rd1 Bc1 34. Rf3 Bf4
35. h5 Rc2+ 36. Kg1 Bh2+ 37. Kh1 Bf4 38. h6 Rh2+ 39. Kg1 Rxh6 40. Nxh6 Bxh6 41.
Rxf6+ gxf6 42. Qxh6+ Ke8 43. Rc1 Qd7 44. Qh8 Qg4+ 45. Kf2 Qf4+ 46. Kg2 Qg4+ 47.
Kf2 Qf4+ 48. Ke2 Qxc1 49. Qxg8+ Ke7 50. Qf7+ Kd8 51. Qxf6+ Kd7 52. Qf5+ Kd8 53.
Qf6+ Kd7 54. Qf2 Qc2+ 55. Kf1 Qxd3+ 56. Qe2 Qh3+ 57. Ke1 Qg3+ 58. Kd2 Qxg6 59.
a4 Qg5+ 60. Kc2 Kc6 61. axb5+ axb5 62. Kb2 Qg3 63. Qc2+ Kb6 64. b4 d3 65. Qc5+
Kb7 66. Qd5+ Kc7 67. Qc5+ Kd8 68. Qd6+ Ke8 69. Qe6+ Kf8 70. Qf6+ Kg8 71. Qe6+
Kg7 72. Qxe5+ Qxe5+ 73. Kc1 Qc3+ 0-1

[Event "Titled Tue 27th May Early"]
[Site "chess.com INT"]
[Date "2025.05.27"]
[Round "10"]
[White "Sanchez Negreiros, Jose Alberto"]
[Black "Lazaro Azcutia, Miguel"]
[Result "1/2-1/2"]
[WhiteTitle "FM"]
[BlackTitle "CM"]
[WhiteElo "2231"]
[BlackElo "2275"]
[WhiteFideId "3851516"]
[BlackFideId "54538254"]
[EventDate "2025.05.27"]

1. d4 d5 2. c4 e6 3. Nc3 Nf6 4. Nf3 Be7 5. e3 O-O 6. Qc2 b6 7. cxd5 exd5 8. Bd3
Bb7 9. O-O c5 10. Rd1 Nbd7 11. Bf5 g6 12. Bh3 cxd4 13. exd4 Ne4 14. Bf4 a6 15.
Nxe4 dxe4 16. Ne5 Rc8 17. Qb3 Nf6 18. Bxc8 Qxc8 19. Bh6 Bd5 20. Qxb6 Re8 21.
Rac1 Qf5 22. Qxa6 e3 23. fxe3 Ng4 24. Bf4 Bg5 25. Rf1 Nxe3 26. Bxe3 Bxe3+ 27.
Kh1 Qe4 28. Qe2 Bxc1 29. Qxe4 Bxe4 30. Rxc1 Ra8 31. a3 Rd8 32. Rd1 Bd5 33. Kg1
f6 34. Nd3 Bb3 35. Rc1 Rxd4 36. Rc3 Bf7 37. Kf2 g5 38. b4 Bg6 39. Ke3 Re4+ 40.
Kf3 h5 41. b5 g4+ 42. Kf2 Re6 43. Nf4 Rb6 44. Nxg6 Kg7 45. Nf4 Rxb5 46. a4 Rb4
47. Nxh5+ Kg6 48. Ng3 Rxa4 49. Re3 f5 50. Re6+ Kg5 51. Re5 Ra2+ 52. Kg1 Ra1+ 53.
Kf2 Ra2+ 54. Re2 Ra5 55. Nf1 f4 56. g3 fxg3+ 57. Kxg3 Ra3+ 58. Re3 Ra1 59. Re5+
Kf6 60. Re8 Kf7 61. Re4 Rxf1 62. Rf4+ Rxf4 63. Kxf4 Kg6 64. Kxg4 Kg7 65. Kh5 Kh7
66. h4 Kh8 67. Kg5 Kg8 68. h5 Kh8 69. Kh6 Kg8 70. Kg6 Kh8 71. h6 Kg8 72. h7+ Kh8
73. Kh6 1/2-1/2